000 01015nam a2200289 i 4500
001 000030297
003 DO-SdBNP
005 20260605225200.0
007 ta
008 110509s2004 dr 000 0 spa d
020 _a9993358104
040 _aDO-SdBNP
_bspa
_cBNPHU
_erda
082 4 _a972.93002
_bR426e
_222
110 _aRepública Dominicana. Comisión Permanente de Efemerides Patrias
_989882
245 0 0 _aEfemérides patrias.
264 _aSanto Domingo :
_bCPEP,
_c2004.
300 _a166 páginas :
_bilustraciones, retratos. ;
_c22 cm
336 _2rdacontent
_atexto
_btxt
337 _2rdamedia
_asin medición
_bn
338 _2rdacarrier
_avolumen
_bnc
590 _aInventariado, 2024/BT
650 7 _2Librunam
_aCalendaario y Efemérides
_zRepública Dominicana
_989883
651 7 _2Librunam
_aRepública Dominicana
_vCalendaario y Efemérides
_xHistoria
_989884
710 1 _aRepública Dominicana
_bComisión Permanente de Efemérides Patria
_945309
910 _aBTavarez
942 _2ddc
_cLFDS
999 _c29789
_d29789